| 000 | 00475cam a22001097a 4500 | ||
|---|---|---|---|
| 008 | 180718b1972 xxu||||| |||| 00| 0 eng d | ||
| 082 | _aF8x5431 1972 | ||
| 245 |
_aElections in Jammu and Kashmir - a study _cby Directorate General of Information and Public Relations, Jammu and Kashmir |
||
| 260 |
_aSrinagar _bDirectorate General of Information and Public Relations _c1972 |
||
| 300 | _a41+p. | ||
| 700 | _aJammu and Kashmir. Directorate General of Information and Public Relations | ||
| 999 |
_c490529 _d490529 |
||